Selected Aspects of the Relationship Between Human Capital and Economic Growth

Problematika určenia príspevku ľudského faktora k hospodárskemu rastu. Ľudský kapitál, vysvetľovaný ako súhrn schopností a zručností, ako dôležitý faktor hospodárskeho rastu a rozvoja spoločensko-ekonomických systémov. Mechanizmy účinku ľudského kapitálu na hospodársky rast, s cieľom spoznať predpok...

Description complète

Enregistré dans:
Détails bibliographiques
Auteur principal: Daňová, Monika
Autres auteurs: Širá, Elena
Format: Chapitre de livre
Langue:slovaque
Sujets:
Tags: Ajouter un tag
Pas de tags, Soyez le premier à ajouter un tag!

MARC

LEADER 00000naa a2200000 4500
001 0282000
005 20220722094156.4
041 0 |a slo 
044 |a SK 
245 1 0 |a Selected Aspects of the Relationship Between Human Capital and Economic Growth  |c Monika Daňová, Elena Širá 
520 |a Problematika určenia príspevku ľudského faktora k hospodárskemu rastu. Ľudský kapitál, vysvetľovaný ako súhrn schopností a zručností, ako dôležitý faktor hospodárskeho rastu a rozvoja spoločensko-ekonomických systémov. Mechanizmy účinku ľudského kapitálu na hospodársky rast, s cieľom spoznať predpoklady hospodárskeho rozvoja a cieleného usmerňovania hospodárskeho rastu, na základe identifikácie premenných významne ovplyvňujúcich tento vzťah. Skúmanie úlohy ľudského kapitálu ako faktora hospodárskeho rastu na skupine krajín V4. Viacnásobná regresná analýza zisťujúca významnosť vplyvu finančných a personálnych investícií do ľudského kapitálu na hospodársky rast. Vhodnosť používania ukazovateľov výdavkov na vzdelávanie a výdavkov na vedu a výskum (ako absolútna suma výdavkov vynaložená na 1 obyvateľa, alternatívne ako percentuálny podiel na HDP). 
610 2 0 |a rozvoj hospodársky 
610 2 0 |a kapitál ľudský 
610 2 0 |a ukazovatele makroekonomické 
610 2 0 |a produkt domáci hrubý 
610 2 0 |a výdavky na vedu a výskum 
610 2 0 |a podpora vzdelávania 
610 2 0 |a porovnanie štatistické medzinárodné 
610 2 0 |a Vyšehradská štvorka 
100 1 |a Daňová, Monika 
700 1 |a Širá, Elena